Responses for Show #2600 - Friday, December 15, 1995

Brad Plovan game 5.

Contestants

[<< previous game]

Sally Tyler, a communications consultant from Washington, D.C.

Bill Moore, an innkeeper from Clifton, New Jersey

Brad Plovan, a lawyer from Baltimore, Maryland (whose 4-day cash winnings total $51,402)

[next game >>]

Jeopardy! Round responses

20th CENTURY AMERICA
CLASSIC SONG LYRICS
DINING OUT
NATURE
HOLIDAYS & OBSERVANCES
IN OTHER WORDS...
    $100 6
Legionnaires' disease

Sally
    $100 5
Puff (the Magic Dragon)

Bill
    $100 4
Paris

Bill
    $100 1
henna

Sally
    $100 2
Arbor Day

Bill
    $100 23
all's well that ends well

Brad
    $200 7
(Brad: What is Los Alamos?)

Alamogordo

BradSally
    $200 15
"Tie A Yellow Ribbon Round The Ole Oak Tree"

Sally
    $200 11
Richmond

Sally
    $200 9
a tarantula

Brad
    $200 3
(Brad: What is Memorial Day?)
(Sally: What is Flag Day?)

Father's Day

BradSally
Triple Stumper
    $200 27
(Brad: What is... feathery?)
(Bill: [Without ringing in] What is [*]?)
(Alex: Hang on a second, someone has to ring in.)

light as a feather

BradBill
    $300 8
the Silverdome

Brad
    $300 16
(Brad: What is "Keep A Song In Your Heart"?)
...
(Alex: What is [*] and "You'll Never Walk Alone".)

Hold your head up high

Brad
Triple Stumper
    $300 12
Clint Eastwood

Brad
    $300 10
lava

Sally
    $300 24
(Bill: What is Decoration Day?)
(Sally: What is Memorial Day?)

Remembrance Day (Veterans Day)

BillSally
Triple Stumper
    $300 28
still waters run deep

Brad
    $400 19
Reader's Digest

Sally
    $400 17
whistle a happy tune

Bill
    $400 21
the Dalai Lama

Sally
    $400 13
the honey bee

Bill
    $400 25
South Dakota

Brad
    $400 29
rub the wrong way (go against the grain)

Triple Stumper
    $500 20
(Brad: What is Telstar?)

Explorer I

Brad
Triple Stumper
    $500 18
(Bill: What is "We'll travel along, singin' our song, [*]"? [*]?)
(Alex: Least you could have done was give us the whole tune.)
[Laughter]

"Side By Side"

Bill
    $500 22
key limes

Sally
    $500 14
the emu

Bill
    $500 26
Cinco de Mayo

Sally
    $500 30
a whole new ballgame

Triple Stumper

Scores at the first commercial break (after clue 14):

Brad Bill Sally
$400 $1,200 $700

Scores at the end of the Jeopardy! Round:

Brad Bill Sally
$200 $2,000 $2,400

Double Jeopardy! Round responses

FAMOUS SCIENTISTS
GEOGRAPHY
RANKS & TITLES
WOMEN
THE ROMAN EMPIRE
KENNEDY CENTER HONOREES
    $200 1
Marie Curie

Sally
    $200 13
Scotland

Bill
    $200 21
Milady

Brad
    $200 2
Diana Ross

Sally
    $200 18
Cleopatra

Sally
    $200 9
Johnny Carson

Brad
    $400 4
George Washington Carver

Brad
    $400 14
Israel

Brad
    $400 25
premier

Brad
    $400 3
San Francisco

Bill
    $400 20
Vesuvius

Bill
    $400 12
(Sally: Who is Cyd Charisse?)

Ginger Rogers

BillSally
    $600 5
(Luther) Burbank

Sally
    $600 15
Venezuela

Brad
    $600 26
Cossacks

Brad
    $600 6
(Joy) Adamson

Sally
    $600 22
the Vestal Virgins

Bill
    $600 19
Lionel Hampton

Brad
    $800 10
(Felix) Wankel

Brad
    $800 16
Iraq

Bill
    $800 27
(Brad: [*]? Who is [*]?)
...
(Alex: We have less than a minute to go.)

the daughter of a czar

Brad
    $800 7
(Brad: Who is Miss Manners?)

Martha Stewart

BradSally
    $800 23
the Senate

Brad
    $800 29
(1 of) Hume Cronyn & Jessica Tandy (or Paul Newman & Joanne Woodward)

Brad
    $1000 11
Tycho Brahe

Sally
    $3,000 17
the Netherlands

Bill
    $1000 28
a synagogue

Brad
    $1000 8
America the Beautiful

Triple Stumper
    $2,000 24
(Brad: Who is Herod?)

Pontius Pilate

Brad
    $1000 30
(Alex: Who is [*]? "Little Boxes".)

Pete Seeger

Triple Stumper

Scores at the end of the Double Jeopardy! Round:

Brad Bill Sally
$5,000 $7,800 $5,600

[wagering suggestions for these scores]

Final Jeopardy! Round responses

19th CENTURY NOVELS
(Alex: [To Bill] Right country; wrong book.)
BradWhat is The Brothers Karamozov
$5,000
SallyWhat is Ben Hur?
$5,599
BillWhat is War and Peace
$4,000
The Brothers Karamazov

Final scores:

Brad Bill Sally
$10,000 $3,800 $1
5-day champion: $61,402 2nd place: Ashley entertainment wall system & Aiwa digital mini system + Jeopardy! home game 3rd place: Cuthbertson Christmas tree dinnerware + Jeopardy! home game

Game dynamics:

Coryat scores:

Brad Bill Sally
$7,000 $5,800 $5,600
19 R,
7 W
(including 1 DD)
15 R
(including 2 DDs),
1 W
17 R,
3 W

Combined Coryat: $18,400

[game clues] [game scores] [suggest correction]

Game tape date: Unknown
The J! Archive is created by fans, for fans. Scraping, republication, monetization, and malicious use prohibited; this site may use cookies and collect identifying information. See terms. The Jeopardy! game show and all elements thereof, including but not limited to copyright and trademark thereto, are the property of Jeopardy Productions, Inc. and are protected under law. This website is not affiliated with, sponsored by, or operated by Jeopardy Productions, Inc. Join the discussion at JBoard.tv.